Central Library OPAC University of Rajshahi

The discipline of letters / (Record no. 23142)

MARC details
000 -LEADER
fixed length control field 01105cam a22002771 4500
001 - CONTROL NUMBER
control field 23142
003 - CONTROL NUMBER IDENTIFIER
rucl marc code BD-RjUL
005 - DATE AND TIME OF LATEST TRANSACTION
control field 20211209000909.0
008 - FIXED-LENGTH DATA ELEMENTS--GENERAL INFORMATION
fixed length control field 140310s1946 enk 000 0 eng
035 ## - SYSTEM CONTROL NUMBER
System control number (BD-RjUL)23207
System control number (OCoLC)729701
040 ## - CATALOGING SOURCE
Original cataloging agency DLC
Transcribing agency OCU
Modifying agency DLC
-- BD-RjUL
Language of cataloging eng
041 ## - LANGUAGE CODE
Language code of text/sound track or separate title eng
082 04 - DEWEY DECIMAL CLASSIFICATION NUMBER
Classification number 824.9
Author mark and year GOD 1946
100 1# - MAIN ENTRY--PERSONAL NAME
Personal name Gordon, George Stuart,
Dates associated with a name 1881-1942.
9 (RLIN) 71346
245 14 - TITLE STATEMENT
Title The discipline of letters /
Statement of responsibility, etc. by George Gordon.
260 ## - PUBLICATION, DISTRIBUTION, ETC. (IMPRINT)
Place of publication, distribution, etc. Oxford :
Name of publisher, distributor, etc. Clarendon Press,
Date of publication, distribution, etc. 1946.
300 ## - PHYSICAL DESCRIPTION
Pagination vi, 207 p. ;
Size 23 cm.
500 ## - GENERAL NOTE
General note Preface signed: Mary Gordon.
505 0# - FORMATTED CONTENTS NOTE
Formatted contents note The discipline of letters.--Virgil in English poetry.--The Trojans in Britain.--Charles Lamb.--Shelley and the oppressors of mankind.--Scottish literature.--'Redgauntlet.'--Poetry and the moderns.--Andrew Lang.--Walter Raleigh in his letters.--Gerard Manley Hopkins and Robert Bridges.--John Swinnerton Phillimore.
650 #0 - SUBJECT ADDED ENTRY--TOPICAL TERM
Topical term or geographic name as entry element English literature
General subdivision History and criticism.
9 (RLIN) 71347
700 1# - ADDED ENTRY--PERSONAL NAME
Personal name Gordon, Mary C.,
Relator term ed.
942 ## - ADDED ENTRY ELEMENTS (KOHA)
Source of classification or shelving scheme Dewey Decimal Classification
Koha item type Books
Holdings
Lost status Source of classification or shelving scheme Damaged status Not for loan Permanent Location Current Location Shelving location Date acquired Source of acquisition Cost, normal purchase price Total Checkouts Full call number Date last seen Copy number Koha item type
  Dewey Decimal Classification   Added to bundle Central Library, University of Rajshahi Central Library, University of Rajshahi Reading Room 21/07/1955 Oxford University Press 7.80   824.9 GOD 1946 10/03/2014 C-1 Books